00481nam a2200181Ia 450000500170000000800410001704000190005804100120007708200190008910000160010824500420012426000300016630000100019663000310020665000290023765100230026685000100028920230429114843.0131103s9999 xx 000 0 und d aLoreto College aEnglish a823.8bELI-JON aJones, R.T. aGeorge Eliot's 'Adam bede'cR.T.Jones aNew yorkbMacmillanc1968 a72p.  aEnglish fiction-ciriticism aEliot, George-ciriticism aEnglish literature aLCLIB